LEADER 01643nam a2200277 4500 001 000000344599 003 CaOOAMICUS 005 20210311123232.0 008 210301s1983 it 000 u ita r 040 $aSeMil$bita 111 0 $aLa salvaguardia delle città storiche in Europa e nell'area mediterranea.$0(OLS)http://semarc/name/113236 245 13$aLa salvaguardia delle città storiche in Europa e nell'area mediterranea :$batti del convegno internazionale di studi, Bologna, novembre 1983 /$c[organizzato dall'Istituto per i beni artistici culturali e naturali della Regione Emilia-Romagna]. 246 08$aLa salvaguardia delle città storiche in Europa 264 1$aBologna :$bNuova Alfa Editoriale,$c1983. 300 $a311 p. ;$c24 cm 650 4$aCittà - Storia.$0(OLS)http://semarc/subject/6005 650 4$aEuropa - Storia.$0(OLS)http://semarc/subject/578 650 4$aRestauro - Storia.$0(OLS)http://semarc/subject/8526 710 2 $aIstituto per i beni artistici, culturali e naturali della Regione Emilia-Romagna.$0(OLS)http://semarc/name/113148 850 $aSeMil 852 $aSeMil$W1$xVenegono$y1$m3W VII 8$j225211$B235655$CSeMilBibl$Z2$F235655 $81 961 $aPerego don Stefano - Omaggio 996 $6245$aLa salvaguardia delle città storiche in Europa e nell'area mediterranea :$batti del convegno internazionale di studi, Bologna, novembre 1983$9(OLS)http://semarc/title/433649 996 $6246$aLa salvaguardia delle città storiche in Europa$9(OLS)http://semarc/title/433645 996 $6264$aBologna :$bNuova Alfa Editoriale$9(OLS)http://semarc/publisher/39709 LEADER 00927nam a2200229 i 4500 001 000000072981 003 CaOOAMICUS 005 20090506000000.0 008 090506s1945 fr u000 u fre u 013 $a44153 040 $aSeMil$bita 100 1 $aLaberthonnière, Lucien,$d<1860-1932>.$0(OLS)http://semarc/name/1148 245 10$aPangermanisme et christianisme /$c[Lucien Laberthonnière]. 260 $aParis :$bJ. Vrin,$c1945. 300 $aXIX, 298 p. ;$c23 cm. 650 4$aCristianesimo.$0(OLS)http://semarc/subject/425 650 4$aPangermanismo.$0(OLS)http://semarc/subject/14784 773 0 $tOeuvres de Laberthonnière.$dParis : J. Vrin, 1935.$w()1300 850 $aSeMil 852 $aSeMil$W1$xVenegono$y1$m2Q III 234$j39134$B39134$CSeMilBibl$Z2$F39137 $81 996 $6245$aPangermanisme et christianisme$9(OLS)http://semarc/title/117786 996 $6260$aParis :$bJ. Vrin$9(OLS)http://semarc/publisher/30215